Osmanlı İmparatorluğu tarihi / (Kayıt no. 2161)

MARC ayrıntıları
000 -BAŞLIK
Sabit Uzunluktaki Kontrol Alanı 00543nam a22001937a 4500
003 - KONTROL NUMARASI KİMLİĞİ
Kontrol Alanı KOHA_MİRAKIL
005 - EN SON İŞLEM TARİHİ ve ZAMANI
Kontrol Alanı 20240930101016.0
008 - SABİT UZUNLUKTAKİ VERİ ÖGELERİ - GENEL BİLGİ
Sabit Alan 240929b2005 tu ||||| |||| 00| 0 tur d
020 ## - ISBN - ULUSLARARASI STANDART KİTAP NUMARASI
Isbn 9756480173
040 ## - KATALOGLAMA KAYNAĞI
Özgün Kataloglama Kurumu TR-AnABB
Kataloglama Dili tur
Çeviri Kurumu TR-AnABB
041 ## - DİL KODU
Metin ya da ses kaydının dil kodu tur
082 ## - DEWEY ONU SINIFLAMA SİSTEMİ
Sınıflama Numarası 956.1015
Cutter numarası JOR 2018
100 ## - KİŞİ ADI
Yazar Adı (Kişi adı) Jorga, Nicole.
245 #0 - ESER ADI BİLDİRİMİ
Başlık Osmanlı İmparatorluğu tarihi /
Sorumluluk Bildirimi Nicole Jorga.
260 ## - YAYIN, DAĞITIM, VB.
Yayın Yeri İstanbul :
Yayınevi Yeditepe Yayınevi,
Yayın Tarihi 2005.
300 ## - FİZİKSEL TANIMLAMA
Sayfa, Cilt vb. 414 sayfa ;
Boyutları 24 cm.
650 ## - KONU BAŞLIĞI EK GİRİŞ - KONU TERİMİ
Konusal terim veya coğrafi ad Tarih, Osmanlı İmparatorluğu
942 ## - EK GİRİŞ ÖGELERİ (KOHA)
Sınıflama Kaynağı Dewey Decimal Classification
Materyal Türü Kitap
Mevcut
Geri Çekilme Durumu Kayıp Durumu Sınıflandırma Kaynağı Kredi için değil Kalıcı Konum Mevcut Konum Kayıt Tarih Edinim Kaynağı Toplam Ödünçverme Yer Numarası Demirbaş Numarası Son Görülme Tarihi Fatura Tarihi Materyal Türü
    Dewey Decimal Classification   ODTÜ Çalışma İstasyonu ODTÜ Çalışma İstasyonu 29/09/2024     956.1015 JOR 2018 ABB109136 30/09/2024 30/09/2024 Kitap